00505 2200193 4500001002100000005001500021035002000036007000300056008004100059020001800100082001000118084001600128100001900144245007200163260002500235300001700260650001300277990002100290INLIS00000000000031820220513085348 a0010-0522000018ta220513 0 ind  a9789790391086 a153.8 a153.8 Aid s0 aA'idh Al-Qarni1 aSelagi masih Muda :bBagaimana menjadikan masa muda begitu bermakna aSolo :bAqwam,c2010 a344 ;c20 cm 4amotivasi a5486/SMPN7SBY/19